000 00767nam a2200205Ii 4500
003 JO-AjNU
008 230605s9999||||xx |||||||||||||| ||und||
017 _a2005/6/1296
040 _aJO-AjNU
_bara
_erda
_cJO-AjNU
041 _aara
050 1 4 _aHQ767.9 .H3538 2005
100 3 _aتأليف: الجبالي، حمزة,
_eauthor
_921792
245 0 0 _aمشاكل النمو عند الطفل والمراهق و طرق تغذيته
264 3 1 _aعمان: دار اسامة للنشر والتوزيع، 2005
300 _a176ص
_bيحتوي ببلوغرافية من ص 161-176ص
336 _atext
_btxt
_2rdacontent
337 _aunmediated
_bn
_2rdamedia
338 _avolume
_bnc
_2rdacarrier
650 4 _aاطفال - نمو - رعاية - تغذية
_921793
999 _aA7630
_c11198
_d11198